Central Library OPAC University of Rajshahi

চিরনতুন রবীন্দ্রনাথ / (Record no. 39072)

MARC details
000 -LEADER
fixed length control field 00838nam a2200229 a 4500
001 - CONTROL NUMBER
control field 39072
003 - CONTROL NUMBER IDENTIFIER
rucl marc code BD-RjUL
005 - DATE AND TIME OF LATEST TRANSACTION
control field 20211209052918.0
008 - FIXED-LENGTH DATA ELEMENTS--GENERAL INFORMATION
fixed length control field 160404s2011 bg ||||| |||| 00| 0 ben d
020 ## - INTERNATIONAL STANDARD BOOK NUMBER
International Standard Book Number 9840749943
Terms of availability : Tk.300.00
035 ## - SYSTEM CONTROL NUMBER
System control number (BD-RjUL)39184
040 ## - CATALOGING SOURCE
Original cataloging agency BD-RjUL
Language of cataloging ben
Transcribing agency BD-RjUL
041 ## - LANGUAGE CODE
Language code of text/sound track or separate title ben
082 ## - DEWEY DECIMAL CLASSIFICATION NUMBER
Edition number 23
Classification number 891.4414
Author mark and year SHC 2011
100 ## - MAIN ENTRY--PERSONAL NAME
Personal name শাকুর, আবদুশ.
9 (RLIN) 120590
245 10 - TITLE STATEMENT
Title চিরনতুন রবীন্দ্রনাথ /
Statement of responsibility, etc. আবদুশ শাকুর.
260 ## - PUBLICATION, DISTRIBUTION, ETC. (IMPRINT)
Place of publication, distribution, etc. ঢাকা :
Name of publisher, distributor, etc. বাংলা একাডেমী ;
Date of publication, distribution, etc. ২০১১.
300 ## - PHYSICAL DESCRIPTION
Pagination ৩১৯ পৃ. ;
Size ২১ সেমি.
650 ## - SUBJECT ADDED ENTRY--TOPICAL TERM
Topical term or geographic name as entry element ঠাকুর, রবীন্দ্রনাথ
9 (RLIN) 120592
Chronological subdivision ১৮৪৫-১৮৬১
Topical term or geographic name as entry element Tagore, Rabindranath
9 (RLIN) 117834
Chronological subdivision 1845-1861
942 ## - ADDED ENTRY ELEMENTS (KOHA)
Source of classification or shelving scheme Dewey Decimal Classification
Koha item type Books
Holdings
Lost status Source of classification or shelving scheme Damaged status Not for loan Collection code Permanent Location Current Location Shelving location Date acquired Source of acquisition Cost, normal purchase price Total Checkouts Full call number Date last seen Copy number Koha item type
  Dewey Decimal Classification   Not For Loan Non-fiction Central Library, University of Rajshahi Central Library, University of Rajshahi Reading Room 23/06/2013 Bangla Academy, Dhaka 300.00   B 891.4414 SHC 2011 04/04/2016 C-1 Books
  Dewey Decimal Classification     Non-fiction Central Library, University of Rajshahi Central Library, University of Rajshahi   23/06/2013 Bangla Academy, Dhaka 300.00   B 891.4414 SHC 2011 04/04/2016 C-2 Books
  Dewey Decimal Classification     Non-fiction Central Library, University of Rajshahi Central Library, University of Rajshahi   23/06/2013 Bangla Academy, Dhaka 300.00   B 891.4414 SHC 2011 04/04/2016 C-3 Books